| 000 -LEADER |
| fixed length control field |
00709cam a2200205 a 4500 |
| 020 ## - INTERNATIONAL STANDARD BOOK NUMBER |
| ISBN |
0471450510 |
| 020 ## - INTERNATIONAL STANDARD BOOK NUMBER |
| ISBN |
0471706248 (pbk.) |
| 040 ## - CATALOGING SOURCE |
| Transcribing agency |
UP |
| 082 00 - DEWEY DECIMAL CLASSIFICATION NUMBER |
| Classification number |
791 WIL 2004 A085 Or. |
| 100 1# - MAIN ENTRY--AUTHOR NAME |
| Personal name |
Breitbart, Andrew. |
| 245 10 - TITLE STATEMENT |
| Title |
Hollywood, interrupted : |
| Remainder of title |
insanity chic in Babylon-- the case against celebrity / |
| 260 ## - PUBLICATION, DISTRIBUTION, ETC. (IMPRINT) |
| Place of publication |
New York : |
| Name of publisher |
Wiley, |
| Year of publication |
2004. |
| 300 ## - PHYSICAL DESCRIPTION |
| Number of Pages |
xx, 394 p. ; |
| Dimensions |
24 cm. |
| 650 #0 - SUBJECT ADDED ENTRY--TOPICAL TERM |
| Topical Term |
Motion picture actors and actresses |
| 700 1# - ADDED ENTRY--PERSONAL NAME |
| Personal name |
Ebner, Mark C. |
| 856 42 - ELECTRONIC LOCATION AND ACCESS |
| Uniform Resource Identifier |
http://www.loc.gov/catdir/bios/wiley046/2004299042.html |
| 856 42 - ELECTRONIC LOCATION AND ACCESS |
| Uniform Resource Identifier |
http://www.loc.gov/catdir/description/wiley041/2004299042.html |
| 856 41 - ELECTRONIC LOCATION AND ACCESS |
| Uniform Resource Identifier |
http://www.loc.gov/catdir/toc/wiley041/2004299042.html |
| 942 ## - ADDED ENTRY ELEMENTS (KOHA) |
| Koha item type |
សៀវភៅភាសាអង់គ្លេស |
| 952 ## - LOCATION AND ITEM INFORMATION (KOHA) |
| Withdrawn status [LOCAL, KOHA] |
0 |